000 00809nam a22002417a 4500
005 20170124110029.0
010 _aA-408169
020 _c00.00
035 _aA-408169
037 _bCen Lib/Ret
040 _aDPL
_bEN
082 _a491.2
_bBHA
100 _aBhandare, V.V.
_921250
245 _aSanskrit speech habits and panini :
_cby V.V. Bhandare
_bwith special reference to sandhi, samāsa, and the roots-chapters of Pāṇini's Aṣṭādhyāy /ī
260 _a Delhi
_bMala Ahuja
_c1986
270 _aMalka Ganj
_b Delhi
_e110007
300 _a387p.
_c20cm(Hb)
500 _aIncludes bibliographical reference and index
650 _aSanskrit language--Grammar
_919810
650 _aAṣṭādhyāyī (Pāṇini)
_921251
700 _920986
942 _2ddc
_cEN
_h491.2
_mBHA
999 _c127695
_d127695